| 000 | 00605nam a22002057a 4500 | ||
|---|---|---|---|
| 005 | 20171101101301.0 | ||
| 008 | 171101b xxu||||| |||| 00| 0 eng d | ||
| 020 |
_a9789383064656 _cRs 699 |
||
| 040 | _beng | ||
| 041 | _aEnglish | ||
| 082 |
_a954.03 _bTHA |
||
| 100 | _aTharoor, Shashi | ||
| 245 |
_aAn era of darkness _bThe British empire in India _cShashi Tharoor |
||
| 260 |
_aNew Delhi _bAleph Book Company _c2016 |
||
| 300 |
_axxvi,333p _b24 cm |
||
| 504 | _aIncludes bibliography and index | ||
| 650 |
_aIndia _vHistory _yBritish Occupation in India (1757-1947) |
||
| 850 | _aLCLIB | ||
| 942 | _cBK | ||
| 999 |
_c41284 _d91763 |
||